| 000 | 00855nam a2200217 a 4500 | ||
|---|---|---|---|
| 001 | 000029241 | ||
| 005 | 20200930055423.0 | ||
| 008 | 110414s2000 dr a 000 0 spa d | ||
| 040 |
_aDO-SdBNP _bspa _cBNPHU |
||
| 041 | 1 | 7 |
_aspa _heng _2Código de idioma MARC |
| 082 |
_axxx _bE56m |
||
| 100 | 1 |
_aEncarnación Gomera, Máximo _956137 |
|
| 240 | 1 | 0 |
_aMethodology for the teaching-learning process of foreign languages _lEspañol. |
| 245 | 1 | 0 |
_aMetodología para el proceso enseñanza-aprendizaje de lenguas extranjeras / _cMáximo Encarnación Gomera. |
| 260 |
_aSanto Domingo : _bEditorial Somos Literatura, _c2000. |
||
| 300 |
_a30 p. : _bil. ; _c21 cm. |
||
| 490 | 1 |
_aCartilla didáctica _v2 |
|
| 534 |
_aTítulo original: _fMethodology for the teaching-learning process of foreign languages |
||
| 830 | 0 |
_aCartilla didáctica _v2 _956138 |
|
| 049 | _aBNPD | ||
| 999 |
_c28733 _d28733 |
||